000
00347pam a2200157a 44500
008
230515b2001 xxu||||| |||| 00| 0 eng d
020
_a
NULL
041
_a
ENGLISH
082
_a
N.D.
100
_a
Phakatkar H.G.
245
_a
Engineering Drawing
250
_a
0
260
_a
NULL
_b
Nirali Prakashan
_c
2001
300
_a
617
650
_a
NULL
999
_c
583310
_d
583310